Velázquez, Rubens y Van Dyck (Record no. 88928)

MARC details
000 -LEADER
campo de control de longitud fija 01424nam a2200337 i 4500
001 - NÚMERO DE CONTROL
campo de control 88928
003 - IDENTIFICADOR DE NÚMERO DE CONTROL
campo de control ES-MaACL
005 - FECHA Y HORA DE LA ÚLTIMA TRANSACCIÓN
campo de control 20250818030919.0
007 - CAMPO FIJO DE DESCRIPCIÓN FÍSICA--INFORMACIÓN GENERAL
campo de control de longitud fija t|
008 - DATOS DE LONGITUD FIJA--INFORMACIÓN GENERAL
campo de control de longitud fija 041230s1999 sp ||||1| spa d
020 ## - NÚMERO INTERNACIONAL ESTÁNDAR DEL LIBRO
Número Internacional Estándar del Libro 84-87317-85-5
080 ## - NÚMERO DE LA CLASIFICACIÓN DECIMAL UNIVERSAL
Número de la Clasificación Decimal Universal 75 Velázquez, Diego (083.824)
080 ## - NÚMERO DE LA CLASIFICACIÓN DECIMAL UNIVERSAL
Número de la Clasificación Decimal Universal 75 Rubens, Peter Paul (083.824)
080 ## - NÚMERO DE LA CLASIFICACIÓN DECIMAL UNIVERSAL
Número de la Clasificación Decimal Universal 75 Dyck, Antoon van (083.824)
245 00 - MENCIÓN DEL TÍTULO
Título Velázquez, Rubens y Van Dyck
Resto del título : pintores cortesanos del siglo XVII : [exposición celebrada en el Museo Nacional del Prado del 17 de diciembre de 1999 al 5 de marzo del 2000] /
Mención de responsabilidad, etc. dirigido por Jonathan Brown ; con textos de Christopher Brown ... [et al.].
260 ## - PUBLICACIÓN, DISTRIBUCIÓN, ETC.
Lugar de publicación, distribución, etc. [Madrid] :
Nombre del editor, distribuidor, etc. Museo Nacional del Prado :
-- Ediciones El Viso,
Fecha de publicación, distribución, etc. [1999]
300 ## - DESCRIPCIÓN FÍSICA
Extensión 283 p. :
Otras características físicas il. col. y n. ;
Dimensiones 28 cm.
600 14 - PUNTO DE ACCESO ADICIONAL DE MATERIA--NOMBRE DE PERSONA
Nombre de persona Velázquez, Diego,
Fechas asociadas al nombre 1599-1660-
Subdivisión de forma Exposiciones
9 (RLIN) 113795
600 14 - PUNTO DE ACCESO ADICIONAL DE MATERIA--NOMBRE DE PERSONA
Nombre de persona Rubens, Peter Paul-
Subdivisión de forma Exposiciones.
9 (RLIN) 100292
600 14 - PUNTO DE ACCESO ADICIONAL DE MATERIA--NOMBRE DE PERSONA
Nombre de persona Dyck, Antoon van,
Fechas asociadas al nombre 1599-1641-
Subdivisión de forma Exposiciones
9 (RLIN) 46406
655 #7 - TERMINO DE INDIZACIÓN--GENERO/FORMA
Fuente del término tgfbne
9 (RLIN) 193628
Datos o término principal de género/forma Catálogos de exposiciones
700 1# - ENTRADA AGREGADA--NOMBRE PERSONAL
Nombre de persona Brown, Jonathan,
Fechas asociadas al nombre 1939-
9 (RLIN) 32005
700 1# - ENTRADA AGREGADA--NOMBRE PERSONAL
Nombre de persona Brown, Christopher.
9 (RLIN) 31978
700 1# - ENTRADA AGREGADA--NOMBRE PERSONAL
Nombre de persona Velázquez, Diego,
Fechas asociadas al nombre 1599-1660
9 (RLIN) 113793
700 1# - ENTRADA AGREGADA--NOMBRE PERSONAL
Nombre de persona Rubens, Peter Paul.
9 (RLIN) 100291
700 1# - ENTRADA AGREGADA--NOMBRE PERSONAL
Nombre de persona Dyck, Antoon van,
Fechas asociadas al nombre 1599-1641
9 (RLIN) 46405
710 2# - ENTRADA AGREGADA--NOMBRE DE ENTIDAD CORPORATIVA
Nombre de entidad corporativa o nombre de jurisdicción como elemento de entrada Museo Nacional del Prado.
9 (RLIN) 160001
852 ## - LOCALIZACIÓN
Ubicación ES-MaACL
Número de control de estantería E-10766
Sublocalización o colección R.135500
942 ## - ELEMENTOS DE ENTRADA SECUNDARIOS (KOHA)
Fuente del sistema de clasificación o colocación Clasificación decimal universal
Holdings
Estatus retirado Estado de pérdida Estado de daño No para préstamo Biblioteca de origen Biblioteca actual Ubicación en estantería Fecha de adquisición Fuente de adquisición Total de préstamos Signatura topográfica completa Código de barras Visto por última vez Precio de reemplazo Tipo de ítem Koha
        Biblioteca del Ateneo de Madrid Biblioteca del Ateneo de Madrid Depósito 2 17/01/2008     E-10766 1092881 23/02/2023 23/02/2023 Libro impreso